|
|
|
|
| LEADER |
01685nam a2200421 a 4500 |
| 001 |
nkc20071762631 |
| 003 |
CZ PrNK |
| 005 |
20080129170547.0 |
| 007 |
ta |
| 008 |
071107s2007 xr a e p 000 0 cze |
| 015 |
|
|
|a cnb001762631
|
| 020 |
|
|
|a 978-80-7194-987-9
|q (brož.) :
|c Kč 76,00
|
| 035 |
|
|
|a (OCoLC)228499742
|
| 040 |
|
|
|a BOA001
|b cze
|d ABA001
|
| 072 |
|
7 |
|a 657
|x Účetnictví
|2 Konspekt
|9 4
|
| 072 |
|
7 |
|a 37.016
|x Učební osnovy. Vyučovací předměty. Učebnice
|2 Konspekt
|9 22
|
| 080 |
|
|
|a 657
|2 MRF
|
| 080 |
|
|
|a (075.8)
|2 MRF
|
| 100 |
1 |
|
|a Kraftová, Ivana,
|d 1956-
|7 mzk2003169419
|4 aut
|
| 245 |
1 |
0 |
|a Základy účetnictví :
|b pro prezenční formu studia /
|c Ivana Kraftová
|
| 250 |
|
|
|a Vyd. 3. (upr. a dopl.)
|
| 260 |
|
|
|a Pardubice :
|b Univerzita Pardubice,
|c 2007
|
| 300 |
|
|
|a 90 s. :
|b il. ;
|c 30 cm
|
| 500 |
|
|
|a Nad názvem: Univerzita Pardubice, Fakulta ekonomicko-správní
|
| 500 |
|
|
|a Vybrané standardy a předpisy
|
| 500 |
|
|
|a 500 výt.
|
| 521 |
8 |
|
|a Určeno pro posluchače prezenční formy studia Fakulty ekonomicko-správní Univerzity Pardubice
|
| 650 |
0 |
7 |
|a účetnictví
|7 ph116911
|2 czenas
|
| 650 |
0 |
9 |
|a accounting
|2 eczenas
|
| 655 |
|
7 |
|a učebnice vysokých škol
|7 fd133772
|2 czenas
|
| 655 |
|
9 |
|a textbooks (higher)
|2 eczenas
|
| 710 |
2 |
|
|a Univerzita Pardubice.
|b Ekonomicko-správní fakulta
|7 kn20010709381
|
| 856 |
4 |
1 |
|u http://www.digitalniknihovna.cz/mzk/uuid/uuid:6f625ac0-7dff-11e9-8a38-005056827e51
|y Digitalizovaný dokument
|x NDK
|
| 910 |
2 |
|
|a BOA001
|b 3-1194.802
|
| 990 |
|
|
|a BK
|
| 995 |
|
|
|a 01
|
| 991 |
|
|
|b 200711
|c NOV
|
| 996 |
6 |
|
|b 2610326218
|c 3-1194.802
|l MZK
|r Sklad / do 1 hodiny
|n 1
|p p.v.
|w 000875546
|u 000010
|a 1
|e BOA001
|j MZK50
|s P
|